Loading...
| Literature - World/Other Literature | 0 | 6 | 0 | 1 | 60 | 61 | 96.33 | 1 | 2 |
| Mythology | 0 | 5 | 0 | 2 | 50 | 56 | 97.60 | 0 | 2 |
| Literature - British Literature | 0 | 3 | 0 | 1 | 30 | 68 | 115.33 | 0 | 1 |
| Science - Biology | 0 | 3 | 0 | 0 | 30 | 73 | 93.67 | 1 | 1 |
| Science - Chemistry | 0 | 3 | 0 | 1 | 30 | 87 | 96.67 | 0 | 0 |
| Fine Arts - Visual Fine Arts | 0 | 3 | 1 | 0 | 25 | 44 | 94.67 | 0 | 1 |
| Literature - European Literature | 0 | 3 | 1 | 0 | 25 | 71 | 102.33 | 0 | 0 |
| Science - Physics | 0 | 2 | 0 | 0 | 20 | 58 | 73.00 | 0 | 0 |
| Literature - American Literature | 0 | 2 | 1 | 0 | 15 | 62 | 101.00 | 0 | 0 |
| Geography/Current Events | 0 | 2 | 1 | 1 | 15 | 91 | 110.50 | 1 | 1 |
| Philosophy | 0 | 2 | 1 | 0 | 15 | 129 | 131.50 | 0 | 0 |
| Fine Arts - Classical Music | 0 | 1 | 0 | 0 | 10 | 101 | 101.00 | 0 | 0 |
| History - European History | 0 | 1 | 0 | 1 | 10 | 127 | 127.00 | 0 | 0 |
| History - Other History | 0 | 1 | 0 | 0 | 10 | 94 | 94.00 | 0 | 0 |
| History - World History | 0 | 1 | 0 | 0 | 10 | 89 | 89.00 | 0 | 0 |
| Religion | 0 | 1 | 1 | 0 | 5 | 116 | 116.00 | 0 | 0 |
| Social Science | 0 | 1 | 2 | 0 | 0 | 76 | 76.00 | 0 | 1 |
| History - American History | 0 | 0 | 2 | 0 | -10 | 0.00 | 0 | 0 |